| 000 | 00598nam a22002057a 4500 | ||
|---|---|---|---|
| 999 |
_c525866 _d525866 |
||
| 003 | NUST | ||
| 005 | 20190705063221.0 | ||
| 008 | 190705b ||||| |||| 00| 0 eng d | ||
| 020 | _a0 | ||
| 038 | _aIESE | ||
| 040 | _c0 | ||
| 082 | _a628.44091724 HAY | ||
| 100 |
_aHayat,prof.Shaukat _916813 |
||
| 245 |
_aMunicipal Solid Waste: _bEngineering principles and management _cProf.Shaukat Hayat |
||
| 250 | _a2nd ed. | ||
| 260 |
_aLahore _bThe Urban Unit _c2016 |
||
| 300 |
_a296p. _bP.B |
||
| 440 |
_aMunicipal Solid Waste:Engineering principles and management _916814 |
||
| 942 |
_2ddc _cBK _kIESE |
||